First Western U.S. Cities to Reach 100,000 People - Statistics

General Stats
  • This quiz has been taken 262 times
  • The average score is 16 of 21
Answer Stats
Year City % Correct
1900 Los Angeles
98%
1865 San Francisco
98%
1949 Phoenix
95%
1901 Portland
94%
1902 Seattle
94%
1890 Denver
93%
1924 San Diego
93%
1936 Sacramento
90%
1914 Salt Lake City
88%
1951 San Jose
88%
1951 Albuquerque
85%
1904 Oakland
82%
1952 Fresno
75%
1910 Spokane
70%
1926 Long Beach
67%
1930 El Paso
66%
1924 Tacoma
59%
1924 Honolulu
41%
1946 Berkeley
29%
1952 Glendale
27%
1948 Pasadena
26%
No matching quizzes found
Score Distribution
Percent of People with Each Score
Percentile by Number Answered
Your Score History
You have not taken this quiz